| 000 | 00781 a2200241 4500 | ||
|---|---|---|---|
| 005 | 20210223125739.0 | ||
| 008 | 010313 1964 | ||
| 020 | _a8423402649 | ||
| 035 | _aUPN01000141071 | ||
| 049 | _aCG | ||
| 050 | 4 |
_aHF5549 _bP4.8 1964 |
|
| 100 | 1 | _aPerego, Luigi | |
| 245 | 1 | 0 |
_aValoración del personal / _cLuigi Perego y Riccardo Riccardi ; pról. y superv. por Alberto Grau Dosaigues. |
| 250 | _a2a ed. | ||
| 260 |
_aBarcelona, Esp. : _bHispano Europea, _c1964. |
||
| 300 | _a244 p. | ||
| 440 | 0 | _aGalileo | |
| 440 | 0 | _aSerie c : Organización y administración de empresas | |
| 534 |
_pTítulo original : _tLa valutazione del prersonale |
||
| 650 | 4 |
_aEMPLEADOS - _xAPRECIACION _9257 |
|
| 700 | 1 |
_aRiccardi, Riccardo, _ecoaut. |
|
| 905 | _aLibro | ||
| 999 |
_c113219 _d113219 |
||